| Поле | Инд. | ПП | Название | Значение |
|---|---|---|---|---|
| Тип записи | a | |||
| Библиографический уровень | m | |||
| 001 | Контрольный номер | RU/IS/BASE/362070637 | ||
| 005 | Дата корректировки | 20140703195454.8 | ||
| 040 | a | Служба первич. каталог. | НБ ТвГУ | |
| b | Код языка каталог. | rus | ||
| e | Правила каталог. | PSBO | ||
| 041 | 0_ | a | Код языка текста | rus |
| 080 | a | Индекс УДК | 124.43(043.3) | |
| 084 | a | Индекс другой классификации/Индекс ББК | С032.5я031 | |
| 084 | a | Индекс другой классификации/Индекс ББК | С028.13я031 | |
| 090 | a | Полочн. индекс | С032.5 | |
| x | Авторский знак | Т 45 | ||
| 100 | 1_ | a | Автор | Титкова Ольга Вячеславовна |
| q | Полное имя | Титкова О. В. | ||
| 245 | 10 | a | Заглавие | Идеал в социально-историческом творчестве: философский анализ |
| b | Продолж. заглавия | дис. ... к.филос.н. : 09.00.11 | ||
| c | Ответственность | Моск. гос. ун-т приборостроения и информатики | ||
| 260 | a | Место издания | Москва | |
| c | Дата издания | 2011 | ||
| 300 | a | Объем | 171 с. | |
| 500 | a | Примечание | На правах рукоп. | |
| 502 | a | Примечание о диссертации | Дис. (канд.) - Московский государственный университет приборостроения и информатики, 2011 | |
| 504 | a | Библиография | Библиогр.: с. 157-171 (234 назв.) и в подстроч. примеч. | |
| 653 | a | Ключевые слова | Диссертации | |
| a | Ключевые слова | Идеал | ||
| a | Ключевые слова | Идеал исторического действия | ||
| a | Ключевые слова | Исторический процесс | ||
| a | Ключевые слова | Историческое действие | ||
| a | Ключевые слова | Общественное сознание | ||
| a | Ключевые слова | Общественный идеал | ||
| a | Ключевые слова | Социальная философия | ||
| a | Ключевые слова | Социальный идеал | ||
| a | Ключевые слова | Философия | ||
| 901 | t | Тип документа | m | |
| 920 | a | Оператор | Густ | |
| 930 | a | Новая/Ретро | диссертации | |
| 952 | c | Вид литературы | Дис н | |
| 954 | a | Дата поступления на обработку | 20110623 |